01015cam a22002775a 45000010009000000050017000090080041000260200018000670400042000850820022001271000024001492450048001732600067002213000042002885000024003305040031003546500046003856500025004316500024004566510010004806530033004906550024005239420022005479990017005699520151005861859652220150812134203.0150429t2015 fludk b 001 0 eng d a9781498703086 aBTCTAbengcBTCTAdTEFdDLCdEG-ScBUE04a621.4361bKAR2221 aKarim, G. A.93832210aDual-fuel diesel engines /cGhazi A. Karim. aBoka Raton :bCRC Press/ Taylor & Francis Group, LLC,cc.2015. axx, 295 p. :bcharts, forms ;c24 cm. aIndex : p. 289-295. aBibliography : p. 273-288. 7aDiesel motorxFuel systems.2BUEsh917799 0aDiesel fuels.2BUEsh 0aGas as fuel.2BUEsh 2BUEsh bENGGENcJune2015cAugust2015 vreading book934232 2ddck621.4361 KAR c19565d19537 00102ddc40708BaccahaMAINbMAINc1STd2015-06-10epurchaseg620.00l1m1o621.4361 KARp000038395r2025-07-15 00:00:00s2017-06-06v775.00yBB